Music Quiz

Random Music or Country Music Quiz

Biggest Music Festival in the World Quiz Stats

 Plays Quiz not verified by Sporcle

Challenge
Share
Tweet
Embed
Score 0/10 Timer 10:00
0 Plays Today
Hint Answer % Correct
USACoachella
75.6%
USAUltra
29.3%
HungarySziget
29.3%
USASummerfest
17.1%
BrazilRock in Rio
12.2%
SerbiaExit
7.3%
MoroccoMawazine
2.4%
AustriaDonauinselfest
0%
SwitzerlandPaleo
0%
PolandPrzystanek Woodstock
0%

You're not logged in!

Compare scores with friends on all Sporcle quizzes.
OR
Log In

You Might Also Like...

Show Comments

Extras

Top Quizzes Today


Score Distribution

Your Account Isn't Verified!

In order to create a playlist on Sporcle, you need to verify the email address you used during registration. Go to your Sporcle Settings to finish the process.

Report this User

Report this user for behavior that violates our Community Guidelines.

Details: